000 01522cam a2200481 4500
001 32276
005 20230410103648.0
008 730206s1972 enk b 001 0 eng
010 _a 72170170
035 _a(OCoLC)ocm00579421
040 _aDLC
_cDLC
_dOCLCQ
_dUKV3G
_dBTCTA
_dLVB
015 _aB72-25755
019 _a59206317
020 _a0416757405
020 _a9780416757408
020 _a0416757502 (pbk.)
020 _a9780416757507 (pbk.)
029 1 _aNLGGC
_b784030987
029 1 _aNLGGC
_b061530395
029 1 _aNZ1
_b3567584
035 _a(OCoLC)579421
_z(OCoLC)59206317
043 _ae------
050 1 4 _a300 HC 240
_bH689s 1972
082 0 0 _a309.1/4/01
049 _aGRAL
100 1 _aHodgett, Gerald Augustus John.
245 1 2 _aA social and economic history of medieval Europe /
_c[by] Gerald A.J. Hodgett.
260 _aLondon :
_bMethuen,
_c1972.
300 _a[10], 246 p.
_c22 cm.
504 _aBibliography: p. [219]-235.
651 0 _aEurope
_xEconomic conditions
_yTo 1492.
650 0 _aEconomic history
_yMedieval, 500-1500.
651 0 _aEurope
_xSocial conditions
_yTo 1492.
650 0 _aSocial history
_yMedieval, 500-1500.
651 4 _aEurope
_xSocial conditions.
651 4 _aEurope
_xEconomic conditions.
651 6 _aEurope
_xConditions âeconomiques
_yJusqu'áa 1492.
651 6 _aEurope
_xConditions sociales
_yJusqu'áa 1492.
938 _aBaker and Taylor
_bBTCP
_n72170170 //r963
942 _2lcc
_cbk
946 _amfcruz
994 _aC0
_bDRFGD
999 _c23454
_d23454